[Event "Luxembourg-ch"]
[Site "Luxembourg"]
[Date "1999.04.08"]
[Round "6"]
[White "Engel, Ewald"]
[Black "Felix, Paulo"]
[Result "1-0"]
[WhiteElo "1749"]
[BlackElo "1639"]
[PlyCount "55"]
[EventDate "1999.04.03"]
[EventType "swiss"]
[EventRounds "9"]
[EventCountry "LUX"]
[SourceTitle "EXT 2005"]
[Source "ChessBase"]
[SourceDate "2004.11.15"]
[SourceVersion "1"]
[SourceVersionDate "2004.11.15"]
[SourceQuality "1"]

1. d4 Nf6 2. c4 e6 3. Nc3 Bb4 4. Bd2 b6 5. Nf3 Ba6 6. e3 d5 7. Qa4+ Nbd7 8. Qxb4 c5 9. dxc5 Nxc5 10. Na4 Nfe4 11. Nxc5 Nxc5 12. Be2 0-0 13. 0-0 dxc4 14. Bxc4 Bxc4 15. Qxc4 Rc8 16. Qd4 Qe7 17. Bc3 f6 18. Rac1 e5 19. Qd5+ Kh8 20. Bb4 Rfd8 21. Qc4 Qe8 22. Bxc5 Rxc5 23. Qb3 Rxc1 24. Rxc1 h6 25. h3 Qe7 26. Nh4 Qd6 27. Qf7 Qd7 28. Ng6+ 1-0

[Event "Luxembourg-ch"]
[Site "Luxembourg"]
[Date "1999.04.07"]
[Round "5"]
[White "Baskewitsch, Pierre"]
[Black "Engel, Ewald"]
[Result "1-0"]
[WhiteElo "1942"]
[BlackElo "1749"]
[PlyCount "103"]
[EventDate "1999.04.03"]
[EventType "swiss"]
[EventRounds "9"]
[EventCountry "LUX"]
[SourceTitle "EXT 2005"]
[Source "ChessBase"]
[SourceDate "2004.11.15"]
[SourceVersion "1"]
[SourceVersionDate "2004.11.15"]
[SourceQuality "1"]

1. d4 d5 2. Bf4 e6 3. Nf3 c5 4. e3 Nf6 5. c3 c4 6. b3 b5 7. a4 Qa5 8. b4 Qb6 9. axb5 Bd7 10. Na3 Bxb5 11. Nxb5 Qxb5 12. Ra5 Qb6 13. Bxb8 Qxb8 14. Qa4+ Nd7 15. Ne5 Qc7 16. Be2 Bd6 17. Nxd7 Qxd7 18. 0-0 Qxa4 19. Rxa4 Bc7 20. e4 Bb6 21. exd5 exd5 22. Bf3 0-0 23. Bxd5 Rad8 24. Bc6 Rd6 25. b5 g6 26. Rxc4 Ba5 27. Ra1 Bb6 28. Re1 Re6 29. Re3 Rd8 30. Kf1 Kf8 31. Rd3 Red6 32. d5 Rf6 33. f3 h5 34. Ra4 Ke7 35. c4 Bc5 36. Rd1 Kd6 37. Re1 Rf4 38. Ke2 g5 39. h3 g4 40. hxg4 hxg4 41. Rh1 gxf3+ 42. gxf3 Rg8 43. Rh2 Rg3 44. b6 axb6 45. Ra7 Ke5 46. d6 Bxd6 47. Bd5 Kd4 48. Rd7 Rg6 49. Bxf7 Rxf7 50. Rh4+ Kc5 51. Rxf7 Rg1 52. Rf5+ 1-0

[Event "Luxembourg-ch"]
[Site "Luxembourg"]
[Date "1999.04.03"]
[Round "1"]
[White "Oberweis, Paul"]
[Black "Engel, Ewald"]
[Result "1-0"]
[WhiteElo "2116"]
[BlackElo "1749"]
[PlyCount "61"]
[EventDate "1999.04.03"]
[EventType "swiss"]
[EventRounds "9"]
[EventCountry "LUX"]
[SourceTitle "EXT 2005"]
[Source "ChessBase"]
[SourceDate "2004.11.15"]
[SourceVersion "1"]
[SourceVersionDate "2004.11.15"]
[SourceQuality "1"]

1. e4 e5 2. Nc3 Nf6 3. f4 d6 4. Nf3 Nc6 5. Bb5 Bd7 6. d3 Be7 7. Bxc6 Bxc6 8. fxe5 dxe5 9. Nxe5 Bc5 10. Nxc6 bxc6 11. Qf3 Qd4 12. Ne2 Qd7 13. Be3 Bb6 14. 0-0 0-0 15. h3 Rab8 16. b3 Qd6 17. Kh1 Qe6 18. Bd4 Nd7 19. Qg3 f6 20. Bb2 Ne5 21. Nd4 Qd7 22. Nf5 Kh8 23. Bxe5 fxe5 24. Qxe5 Rbd8 25. Qe7 Rxf5 26. Qxd7 Rxd7 27. Rxf5 Kg8 28. Raf1 Rd8 29. e5 Bd4 30. e6 Bf6 31. Rxf6 1-0

[Event "LUX-chABC"]
[Site "Dudelange"]
[Date "1998.04.14"]
[Round "4.24"]
[White "Engel, Ewald"]
[Black "Wilhelm, Marc"]
[Result "0-1"]
[WhiteElo "1760"]
[BlackElo "1455"]
[PlyCount "96"]
[EventDate "1998.04.11"]
[EventType "swiss"]
[EventRounds "9"]
[EventCountry "LUX"]
[SourceTitle "EXT 2013"]
[Source "ChessBase"]
[SourceDate "2012.11.22"]
[SourceVersion "1"]
[SourceVersionDate "2012.11.22"]
[SourceQuality "1"]

1. d4 Nf6 2. c4 g6 3. Nf3 Bg7 4. Nc3 0-0 5. e4 d6 6. Be2 e5 7. Bg5 h6 8. Be3 Nc6 9. d5 Ne7 10. Qc1 Kh7 11. 0-0 Nd7 12. Qc2 f5 13. exf5 gxf5 14. Rac1 Nf6 15. c5 Nfxd5 16. cxd6 cxd6 17. Nxd5 Nxd5 18. g4 Be6 19. Bd3 Nb4 20. Qd2 Nxd3 21. Rcd1 e4 22. gxf5 Rxf5 23. Nd4 Bxd4 24. Bxd4 Qg5+ 25. Kh1 Rg8 26. f4 Rxf4 27. Be3 Rxf1+ 28. Rxf1 Qg6 29. Rg1 Qf6 30. Rxg8 Bxg8 31. b3 Qf1+ 32. Bg1 Qf3+ 33. Qg2 Qxg2+ 34. Kxg2 a6 35. Be3 d5 36. Kg3 Kg6 37. a4 h5 38. a5 Kf5 39. Bb6 Be6 40. Bc7 e3 41. Kf3 d4 42. Bb6 Bd5+ 43. Ke2 Nf4+ 44. Ke1 Ke4 45. b4 Kd3 46. Bc7 Ng2+ 47. Kf1 e2+ 48. Kg1 e1Q# 0-1

[Event "LUX-chABC"]
[Site "Dudelange"]
[Date "1998.04.11"]
[Round "1.2"]
[White "Wagener, Claude"]
[Black "Engel, Ewald"]
[Result "1-0"]
[WhiteElo "2235"]
[BlackElo "1760"]
[PlyCount "81"]
[EventDate "1998.04.11"]
[EventType "swiss"]
[EventRounds "9"]
[EventCountry "LUX"]
[SourceTitle "EXT 2013"]
[Source "ChessBase"]
[SourceDate "2012.11.22"]
[SourceVersion "1"]
[SourceVersionDate "2012.11.22"]
[SourceQuality "1"]

1. e4 e5 2. Nf3 d6 3. Nc3 Be6 4. d4 Nd7 5. h3 f6 6. d5 Bf7 7. Be3 h6 8. g4 Be7 9. Qd2 g5 10. h4 Bf8 11. hxg5 Qe7 12. 0-0-0 Bg7 13. gxh6 0-0-0 14. Bb5 Nc5 15. hxg7 Rxh1 16. Rxh1 a6 17. Be2 Bg6 18. Bh6 Bxe4 19. Nxe4 Nxe4 20. Qe3 Nc5 21. Nh4 Qf7 22. c4 Kb8 23. Nf5 b5 24. Rd1 b4 25. f3 a5 26. Qd2 Qd7 27. Be3 Qa4 28. Kb1 Ka8 29. Bxc5 dxc5 30. Rh1 Qd7 31. Rh8 a4 32. Qe3 b3 33. Qxc5 bxa2+ 34. Kxa2 Rb8 35. Rxg8 Rxg8 36. Qf8+ Qe8 37. Qxe8+ Rxe8 38. Nh6 e4 39. fxe4 Kb7 40. g8Q Rxe4 41. Qe6 1-0

[Event "LUX-chABC"]
[Site "Dudelange"]
[Date "1997.04.02"]
[Round "5.26"]
[White "Engel, Ewald"]
[Black "Steinmetzer, Jacques"]
[Result "1-0"]
[WhiteElo "1790"]
[BlackElo "1580"]
[PlyCount "45"]
[EventDate "1997.03.29"]
[EventType "swiss"]
[EventRounds "9"]
[EventCountry "LUX"]
[SourceTitle "EXT 2013"]
[Source "ChessBase"]
[SourceDate "2012.11.22"]
[SourceVersion "1"]
[SourceVersionDate "2012.11.22"]
[SourceQuality "1"]

1. c4 c5 2. Nc3 Nf6 3. g3 g6 4. Bg2 Bg7 5. Nf3 Nc6 6. d4 cxd4 7. Nxd4 Ne5 8. b3 e6 9. Ndb5 d5 10. 0-0 0-0 11. Bg5 Qa5 12. Bxf6 Bxf6 13. cxd5 Nf3+ 14. Bxf3 Bxc3 15. Nxc3 Qxc3 16. dxe6 fxe6 17. Rc1 Qb4 18. Rc7 Rb8 19. Qa1 Rf7 20. Qe5 Qb6 21. Rxf7 Kxf7 22. Qxb8 Bd7 23. Qxb7 1-0

[Event "LUX-chABC"]
[Site "Dudelange"]
[Date "1997.04.01"]
[Round "4.16"]
[White "Hartung, Jerry"]
[Black "Engel, Ewald"]
[Result "1-0"]
[WhiteElo "1925"]
[BlackElo "1790"]
[PlyCount "85"]
[EventDate "1997.03.29"]
[EventType "swiss"]
[EventRounds "9"]
[EventCountry "LUX"]
[SourceTitle "EXT 2013"]
[Source "ChessBase"]
[SourceDate "2012.11.22"]
[SourceVersion "1"]
[SourceVersionDate "2012.11.22"]
[SourceQuality "1"]

1. e4 c5 2. Nf3 e6 3. d4 cxd4 4. Nxd4 Nc6 5. Be3 Nf6 6. Bd3 Nxd4 7. Bxd4 d6 8. 0-0 Be7 9. Nc3 Bd7 10. f4 Bc6 11. Kh1 d5 12. e5 Ne4 13. f5 Bh4 14. fxe6 0-0 15. Bxe4 dxe4 16. Bc5 Qg5 17. Bxf8 Rxf8 18. exf7+ Rxf7 19. Rxf7 Kxf7 20. Qd6 e3 21. Nd5 e2 22. e6+ Kg8 23. Qb8+ Qd8 24. Qxd8+ Bxd8 25. e7 Bb6 26. Nxb6 axb6 27. Re1 Kf7 28. Rxe2 b5 29. Kg1 h5 30. g3 g5 31. Kf2 g4 32. Re5 Ke8 33. Ke3 Bf3 34. Kd4 Bd1 35. Kc5 Bxc2 36. Kd6 b4 37. Re2 Bg6 38. Rf2 Bf7 39. b3 b5 40. Rf1 h4 41. Rf2 hxg3 42. hxg3 Be6 43. Rf8# 1-0

[Event "Luxembourg op"]
[Site "Luxembourg"]
[Date "1996.??.??"]
[Round "9"]
[White "Gras, Fabrice"]
[Black "Engel, Ewald"]
[Result "1/2-1/2"]
[WhiteElo "1760"]
[BlackElo "1720"]
[PlyCount "56"]
[EventDate "1996.??.??"]
[EventType "swiss"]
[EventRounds "9"]
[EventCountry "LUX"]
[SourceTitle "EXT 2005"]
[Source "ChessBase"]
[SourceDate "2004.11.15"]
[SourceVersion "1"]
[SourceVersionDate "2004.11.15"]
[SourceQuality "1"]

1. c4 e6 2. Nf3 Nf6 3. d4 d5 4. Bg5 Be7 5. Nc3 Nbd7 6. e3 0-0 7. Bd3 c5 8. 0-0 cxd4 9. exd4 dxc4 10. Bxc4 Nb6 11. Bb3 Bd7 12. Qd2 Rc8 13. Ne5 Nfd5 14. Nxd5 Nxd5 15. Bxe7 Nxe7 16. f4 Bc6 17. Rad1 Bd5 18. Bc2 Nc6 19. Nf3 Qb6 20. Kh1 Nb4 21. Bb1 Bxa2 22. Bxh7+ Kxh7 23. Ng5+ Kg8 24. Qe2 f6 25. Qh5 fxg5 26. fxg5 Rxf1+ 27. Rxf1 Qb5 28. Qf7+ Kh8 1/2-1/2

[Event "Luxembourg op"]
[Site "Luxembourg"]
[Date "1996.??.??"]
[Round "1"]
[White "Monaville, Guy"]
[Black "Engel, Ewald"]
[Result "1-0"]
[WhiteElo "2210"]
[BlackElo "1720"]
[PlyCount "41"]
[EventDate "1996.??.??"]
[EventType "swiss"]
[EventRounds "9"]
[EventCountry "LUX"]
[SourceTitle "EXT 2005"]
[Source "ChessBase"]
[SourceDate "2004.11.15"]
[SourceVersion "1"]
[SourceVersionDate "2004.11.15"]
[SourceQuality "1"]

1. e4 c5 2. f4 e6 3. Nf3 h6 4. Nc3 a6 5. d3 Nc6 6. g3 d5 7. Bg2 dxe4 8. Nxe4 Nf6 9. Nxf6+ Qxf6 10. 0-0 Bd6 11. c3 0-0 12. Ne5 Bxe5 13. fxe5 Qe7 14. Qh5 f5 15. exf6 Rxf6 16. Rxf6 Qxf6 17. Be3 Bd7 18. Rf1 Qe5 19. Qf7+ Kh8 20. Be4 Qd6 21. Qg6 1-0